000 00752nam a2200241Ii 4500
001 sjdsCFL74255
003 sjds
005 20240808185103.0
008 800417s1978 sp a j 00011 spa d
020 _a8426115489 :
_c$6.50 (U. S.)
020 _a9788426115485
040 _dm.c.
_dCFL
_csjds
041 _aspa
100 1 _aBroger, Achim.
245 1 0 _aBuenos dias, querida ballena /
_cAchim Broger, Gisela Kalow ; traduccion de Herminia Dauer.
250 _a1. ed.
260 0 _aBarcelona :
_bEditorial Juventud ;
_bdistributed by Bilingual Publications,
_c1978.
300 _a[28] p. :
_bcol. ill. ;
_c24 cm.
650 0 _aSpanish language materials.
700 1 _aKalow, Gisela
700 1 _aDauer, Herminia
_etraduccion
942 _cBK
_2ddc
999 _c28041
_d28041